00534 2200205 4500001002100000005001700021006001900038008004100057020001800098035002500116090001400141100002400155245003300179250001100212260003700223990001700260990001700277990001700294990001700311INLIS00000000001249020170711114311.0a ||| | 180719| ||| |  a979-28-0347-1 a0010-071700000000136 a510 ABD k0 aAbdul Aziz Saefudin00aKeajaiban Segitiga Siku-Siku aCet. 1 aKlatenbPT. Intan Pariwarac2008 a1688/PC/2017 a1688/PC/2017 a1689/PC/2017 a1690/PC/2017